Preservem els espais naturals : Àrea d'Espais Naturals Àrea d'Espais Naturals
Descripción Física:
[6] p. ; 21 cm
MARC
| LEADER | 00000nam a2200000Ia 4500 | ||
|---|---|---|---|
| 001 | 22170 | ||
| 008 | 160829s2009 xx 000 0 cat d | ||
| 080 | |a FU-49-80 | ||
| 245 | |a Preservem els espais naturals : |b Àrea d'Espais Naturals | ||
| 260 | |a Barcelona : |b Diputació de Barcelona. Àrea d'Espais Naturals, |c 2009 | ||
| 300 | |a [6] p. ; |c 21 cm | ||
| 590 | |a Octubre 2009. | ||
| 590 | |a A la coberta: Més serveis per als ajuntaments, més benestar per a la ciutadania | ||
| 610 | 0 | |a Barcelona (Catalunya : Província). |b Àrea d'Espais Naturals |9 9050 | |
| 650 | 0 | |a Espais naturals protegits |z Barcelona (Catalunya : Província) |9 49889 | |
| 710 | |a Barcelona (Catalunya : Província). |b Àrea d'Espais Naturals |9 9050 | ||
| 901 | |a Arxiu | ||
| 942 | |n 1 | ||
| 952 | |0 0 |1 0 |4 0 |6 FU4980 |7 1 |9 50142 |a Arxiu |b Arxiu |d 2016-12-01 |l 0 |o FU-49-80 |p 22170 |r 2016-12-01 00:00:00 |w 2016-12-01 |y ARXIU | ||
| 999 | |c 53984 |d 53984 | ||